<?xml version="1.0" encoding="UTF-8"?>
<collection xmlns:xsi="http://www.w3.org/2001/XMLSchema-instance" xsi:schemaLocation="http://www.loc.gov/MARC21/slim http://www.loc.gov/standards/marcxml/schema/MARC21slim.xsd" xmlns="http://www.loc.gov/MARC21/slim">
 <record>
  <leader>00000caa a22000003a 4500</leader>
  <controlfield tag="001">UP-8027390931312542439</controlfield>
  <controlfield tag="003">Buklod</controlfield>
  <controlfield tag="005">20200928212648.0</controlfield>
  <controlfield tag="006">o--- |     ||   ||</controlfield>
  <controlfield tag="007">ta</controlfield>
  <controlfield tag="008">200928s        xx     d     r    |||| u|</controlfield>
  <datafield tag="022" ind1=" " ind2=" ">
   <subfield code="a">0033-2909</subfield>
  </datafield>
  <datafield tag="035" ind1=" " ind2=" ">
   <subfield code="a">(iLib)UPCEB-00011985257</subfield>
  </datafield>
  <datafield tag="040" ind1=" " ind2=" ">
   <subfield code="a">Emz</subfield>
  </datafield>
  <datafield tag="100" ind1="1" ind2=" ">
   <subfield code="a">Aspinwall, L.G.</subfield>
  </datafield>
  <datafield tag="245" ind1="0" ind2="4">
   <subfield code="a">A stitch in time</subfield>
   <subfield code="b">Self-regulation and proactive coping.  [article].</subfield>
  </datafield>
  <datafield tag="300" ind1=" " ind2=" ">
   <subfield code="a">pp. 417-436</subfield>
  </datafield>
  <datafield tag="520" ind1=" " ind2=" ">
   <subfield code="a">In a conceptual and temporal framework, derived from research on social cognition, social interaction, and stress and coping, the authors analyze the processes through which people anticipate or detect potential stressors and act in advance to prevent them or to mute their impact (proactive coping). The framework specifies five stages in proactive coping: (1) resource accumulation, (2) recognition of potential stressors. (3) initial appraisal, (4) preliminary coping efforts, and (5) elicitation and use of feedback concerning initial efforts. The authors detail the role of individual differences, skills, and resources at each stage. They highlight the unique predictions afforded by a focus on proactive coping and the importance of understanding how people avoid and offset potential stressors. -- (from the author)</subfield>
  </datafield>
  <datafield tag="773" ind1="0" ind2=" ">
   <subfield code="a">Psychological Bulletin.</subfield>
   <subfield code="g">vol. 121, 3 (1997).</subfield>
  </datafield>
  <datafield tag="773" ind1="0" ind2=" ">
   <subfield code="a">https://doi.org/10.1037/0033-2909.121.3.417.</subfield>
  </datafield>
  <datafield tag="942" ind1=" " ind2=" ">
   <subfield code="a">Analytics</subfield>
  </datafield>
 </record>
</collection>
